Statistics for Castlevania Symphony of the Night Beastiary

Click here to take the quiz!

General Stats

  • This quiz has been taken 15 times
  • The average score is 50 of 147

Answer Stats

Description Creature % Correct
Destroyed By Richter in 1792.Dracula
100%
Half man, half wolf.Werewolf
100%
Half man, half Bull.Minotaur
100%
Magically animated skeleton.Skeleton
88%
Female demon, invades mens dreams.Succubus
88%
Fresh Corpses, magically animated.Zombies
88%
Strange human like creature, jumps like a flea.Flea Man
75%
Local barnyard owl mutated by castle's influence.Owl
75%
Nightmarish creature composed of many.Granfaloon
75%
Monster nicknamed SchmooSchmoo
75%
Draculas close friend.Death
75%
Revives due to blood soaked bones.Bloodskeleton
75%
Vampire bats, feared as servants of evil.Bat
75%
Flesh eating raven.Crow
63%
Heavily armored knight, attacks with owl.Owl Knight
63%
Beelzebub, Lord of Flies.Beezelbub
63%
Pyromanical gremlin.Gremlin
63%
Giant brother wields huge steel hammer.Hammer
63%
Gravestone possessed by evil spirits of the dead.Tombstone
63%
Animated ape skeleton, hurls barrels.Skeleton Ape
63%
The cowardly lion.Lion
63%
Snake headed demoness with gaze of stone.Medusa
63%
Ghost witch from Salem.Salem Witch
63%
Creature with head of woman, body of bird.Harpy
63%
Dark priest of DraculaShaft
63%
Legendary 'creature', attacks all invaders.Merman
63%
Wolves that guard castle entrance.Warg
63%
Low level axe knight.Axe Knight
63%
Impaled man looking for brains.Scarecrow
50%
Gravekeeper, master of unarmed combat.Grave Keeper
50%
Toad magically enlarge by demonic baptism.Toad
50%
Possessed Ouija table.Ouija Table
50%
Fish head guardian.Fishhead
50%
Mythological sea monster.Scylla
50%
Book of beginner speels.Spellbook
50%
Giant brother wields gurkha knife.Gurkha
50%
Low level flaming ghost.Ghost
50%
Monster made from gel.Slime
50%
Master vampire hunter.Richter Belmont
50%
Watered with human blood.Venus Weed
50%
Heartless tinmanTinman
50%
Vampire hunter, uses 4 beasts of legend, seeks Richter.Maria Renald
50%
Part horse, lion and eagle.Hippogryph
38%
Bomb tossing armored knight.Bomb Knight
38%
Demon with enchanted spearSlogra
38%
Rock tossing armored knight.Rock Knight
38%
Fire breathing flying demon.Gaibon
38%
Boomerang wielding Skeleton.Skelerang
38%
Fireball spitting wolf.Fire Warg
38%
Demon lord of ravensKarasuman
38%
Liquid creature, takes black panther form.Black Panther
38%
Eastern church soldier, dispatched 300 years ago.Bloody Zombie
38%
Made from body parts of powerful warriors.The Creature
38%
Flea man with axe and shield.Flea Armor
38%
Plant with razor sharp weeds.Corpseweed
38%
Ancient egyptian mummy.Akmodan II
38%
Physical manifestation of tormented bodiless souls.Ectoplasm
38%
Shapeshifting demon.Doppleganger
38%
Cave dwelling frog.Frog
38%
Zombie impersonating Trevor.Fake Trevor
38%
Zombie impersonating Sypha.Fake Sypha
38%
From Medusa's hair.Medusa head
38%
High level armor lord.Guardian
38%
Mischievous little demon.Imp
38%
From Medusa's hair, can petrify.Medusa Head
38%
Master fish head.Killer Fish
25%
Magic wielding vampire, rules upper part of castle.Olrox
25%
Magical being with plans to rule the Netherworld.Galamoth
25%
Wields fearsome beam weapon.Nova Skeleton
25%
Fiendishly accurate archer.Archer
25%
Ferocious skeleton swordsman.Bone Scimitar
25%
Snake living off ScyllaScylla Wyrm
25%
Animated skeleton of huge dragon.White Dragon
25%
Heavily armored knight with iron ball.Plate Lord
25%
4-legged skeleton. Drips poison.Spittle Bone
25%
Rare bird, runs when it sees people.Dodo Bird
25%
Expert at throwing weapons.Jack O' Bones
25%
Pillar mad from bleach skull of dragon.Bone Pillar
25%
Were-panther skeleton.Were Skeleton
25%
Advanced Venus Weed, fed with demon blood.Blue Venusweed
25%
Sword lord who wields sword even when banished.Vandal Sword
25%
Spirit of long dead blue raven.Blue Crow
25%
Gruesome demon from Hell.Malachi
25%
Animated mud golem.Mudman
25%
Flea man riding on specialised War Goose.Flea Rider
25%
Zombie impersonating Grant,Fake Grant
25%
Armored guard, strong in perilous areas.Corner guard
25%
Heavily armored undead warrior.Armor Lord
25%
Bloodthirsty undead knight who eternally seeks combat.Valhalla Knight
25%
Pre-intelligent bloodsucker, with tongue for suckling.Cave Troll
13%
Skeleton with leaping attack.Ghost Dancer
13%
Flame demon.Fire Demon
13%
White draogn riden by flea man.Dragon Rider
13%
Indestructible spinning skull.Stone Skull
13%
Armor plated war beast.Gorgon
13%
Angel archer, slew amalaric of the goths.Sniper of Goth
13%
Transvestite ice spirit, servant of Galamoth.Frozen Half
13%
Mutated insect, visible to only magicians.Bitterfly
13%
Young female witch.Salome
13%
Eldest brother wields two huge daggers.Blade
13%
Zombies which attack even when cut in half.Flying Zombie
13%
Searches among graves and knows much wise lore.Lossoth
13%
Fire and ice demon, seems reluctant to fight.Cthulu
13%
Skeleton equipped with bow.Bone Archer
13%
Skeletons equipped with rifles.Bone Musket
13%
Knight armored with great sword.Sword Lord
13%
Ice wielding female spirit.Frozen Shade
13%
Giant skull spirit.Skull Lord
13%
Book of anceint weapons.Magic Tome
13%
Demonic puppet from HellMarionette
13%
Giant skeleton.Paranthropus
13%
Portable skull shrine carried by skeleton priests.Bone Ark
13%
Invisible huntress spirit.Hunting Girl
13%
Mysterious cloaked swordsman.Cloaked Knight
13%
Short magic wielding demon, summons demonic allies.Lesser Demon
13%
Skeleton eternally chasing his own skull.Yorick
13%
Plant with razor sharp leaves.Thornwood
13%
Monster created from slimy gel substance.Large Slime
13%
Watch dog of Hell.Cereberus
13%
Headless skeleton, weilds a rapier.Dhuron
0%
Mutated plant, seeds petrify.Stone Rose
0%
Bone hurling skeleton.Slinger
0%
Armed with naginata.Spear Guard
0%
Wyrm controlled by flea man.Orobourous
0%
Executed soldiers head, hunting for vengenace.Phantom Skull
0%
Low flying skeleton warrior.Winged Guard
0%
Executioner of HellAzaghal
0%
Discus wield armored knight.Disc Lord
0%
Thunder wielding demon called Musician from Hell.Hellfire Beast
0%
Skeleton mounted on WargWarg Rider
0%
Skeleton equipped with spiked iron flail.Flail Guard
0%
Nauseating 2 headed beast, which is the head?Diplocephalus
0%
Evil Sword, causes poltergeist phenomena.Spectral Sword
0%
Naginata wielding skeleton.Bone Halberd
0%
Giant vampire bat.Darkwing Bat
0%
Holds countless poison seeds.Balloon Pod
0%
Master of twin blade combat.Blade Master
0%
Evil mutated octopus.Crazy Octopus
0%
Novice of twin blade combat.Blade Soldier
0%

Score Distribution

Percentile by Number Answered

Percent of People with Each Score

Your Score History

You have not taken this quiz